000 01125nam a2200265Ia 4500
003 OSt
005 20220930094756.0
006 a|||||r|||| 00| 0
007 ta
008 220926b |||||||| |||| 00| 0 hin d
024 _a11284
037 _cTheses
040 _aCRL
_cCRL
_bhin
041 _2hin
_ahin
100 _aसन्तोष, ले.
110 _aदिल्ली विश्वविद्यालय. संकाय कला. हिन्दी विभाग
245 0 _aस्वातं×योत्तर हिन्दी उपन्यासों में स्त्रियों की समस्याएॅं
_b 1980 से 2000 तक
246 _aSvātan×yottar hindī upanyāsoan mean striyoan kī samasyāeॅan: 1980 se 2000 taka
260 _c2011
300 _a282पृ0
_ap.
_ccm.
650 _aहिन्दी साहित्य
700 _aदिल्ली विश्वविद्यालय. संकाय कला. हिन्दी विभाग
942 _cDIS
_2CC
999 _c887664
_d887664